000 00571nam a2200181Ia 4500
008 151202s9999||||xx |||||||||||||| ||und||
082 _bPNVM-36135
100 _aदेशमुख वसंत.
245 _aसरकारी दिवस.
260 _b"मुक्ता प्रकाशन,मुंबई."
260 _c1982
300 _a311
600 _aदेशमुख वसंत.
630 _aसरकारी दिवस.
700 _aदेशमुख वसंत.
730 _aसरकारी दिवस.
942 _cBOOK
999 _c1302087
_d1302084